| 000 | 00645nam a2200181 a 4500 | ||
|---|---|---|---|
| 005 | 20140412111310.0 | ||
| 008 | 010319s19uu xx 00 eng d | ||
| 020 | _a0-382-24659-4 | ||
| 050 |
_aER _bUn1 1995 |
||
| 100 | _adePaola, Tomie | ||
| 245 |
_aThe unicorn and the moon / _cby Tomie de Paola ; illustrated by Tomie de Paola. |
||
| 260 |
_aNew Jersey : _bSilver Burdette Press, _c1995. |
||
| 300 | _a1 v. (unp.) ; ill. | ||
| 520 | _aWhen the moon gets stuck between two hills, the unicorn tries to free it with help from a griffin and alchemist. | ||
| 650 | _aMoon - Fiction | ||
| 650 | _aAnimals, Mythical - Fiction | ||
| 999 |
_c103948 _d103948 |
||